[Event "VIE-ch U17"]
[Site "Hai Phong"]
[Date "2018.07.11"]
[Round "7"]
[White "Ngo, Quang Trung"]
[Black "Nguyen, Anh Dung1"]
[Result "0-1"]
[WhiteElo "1756"]
[BlackElo "1760"]
[PlyCount "64"]
[EventDate "2018.07.07"]
[EventType "swiss"]
[EventRounds "9"]
[EventCountry "VIE"]
[SourceTitle "EXT 2019"]
[Source "ChessBase"]
[SourceDate "2018.10.10"]
[SourceVersion "1"]
[SourceVersionDate "2018.10.10"]
[SourceQuality "1"]

1. d4 Nf6 2. Bf4 e6 3. Nf3 b6 4. e3 Bb7 5. Bd3 Be7 6. Nbd2 d5 7. c3 Nbd7 8. Ne5 c5 9. Qf3 Nxe5 10. dxe5 Nd7 11. h4 Qc7 12. Qg3 g6 13. Nf3 0-0-0 14. 0-0-0 h6 15. Qg4 Rdg8 16. Bg3 c4 17. Bc2 Nc5 18. Nd2 Qc6 19. e4 Nxe4 20. Nxe4 dxe4 21. Rd4 Rd8 22. Rhd1 Rxd4 23. Rxd4 Rd8 24. Rxe4 b5 25. Qf4 Qa6 26. Re1 Qxa2 27. Qxf7 Qa1+ 28. Bb1 Ba3 29. Qxe6+ Kb8 30. bxa3 Qxc3+ 31. Bc2 Qxe1+ 32. Kb2 c3+ 0-1

[Event "VIE-ch U17"]
[Site "Hai Phong"]
[Date "2018.07.09"]
[Round "5"]
[White "Ngo, Quang Trung"]
[Black "Le, Nam Thien"]
[Result "1/2-1/2"]
[WhiteElo "1756"]
[BlackElo "1763"]
[PlyCount "86"]
[EventDate "2018.07.07"]
[EventType "swiss"]
[EventRounds "9"]
[EventCountry "VIE"]
[SourceTitle "EXT 2019"]
[Source "ChessBase"]
[SourceDate "2018.10.10"]
[SourceVersion "1"]
[SourceVersionDate "2018.10.10"]
[SourceQuality "1"]

1. d4 Nf6 2. c4 e6 3. Bf4 d5 4. e3 c5 5. Nf3 Nc6 6. Nc3 Qa5 7. dxc5 dxc4 8. Bxc4 Ne4 9. 0-0 Nxc3 10. bxc3 Bxc5 11. Bd6 Bd7 12. Rc1 0-0-0 13. Bxc5 Qxc5 14. Qe2 Ne5 15. Nxe5 Qxe5 16. Rfd1 Bc6 17. Rd4 g5 18. Rcd1 Rdg8 19. a4 h5 20. Bb5 Bxb5 21. axb5 Rd8 22. b6 axb6 23. Rb1 Rxd4 24. cxd4 Qc7 25. Qb2 Kb8 26. Qxb6 Qxb6 27. Rxb6 Kc7 28. Rb2 b6 29. Kf1 Kb7 30. Ke2 Ra8 31. Kd3 Ra5 32. e4 f6 33. f3 Kc6 34. Kc3 b5 35. Kb3 Ra4 36. Rc2+ Kb6 37. d5 exd5 38. exd5 Rd4 39. Rc6+ Ka5 40. d6 h4 41. Kc3 Rd1 42. Kc2 Rd5 43. Kc3 Rd1 1/2-1/2